00349nam a2200133Ia 4500008004100000041000800041082001500049100001400064245004200078250001400120260004200134300003200176365000700208240624s9999 xx 000 0 und d aeng a344.01 KUM aKUMAR H L aDIGEST OF LABOUR CASES 1990 JUNE 2004 a(4th ed.) c2004aDelhibUniversal Law Publishing acxlv, : 445 : p. : cm. ; 25 cRS